000 00725nam a2200253Ia 4500
003 OSt
005 20221005031002.0
006 a|||||r|||| 00| 0
007 ta
008 221004b |||||||| |||| 00| 0 eng d
024 _a63511
037 _cTextual
040 _aCRL
_cCRL
_beng
041 _2eng
_aeng
082 _aW, M6
100 _aLefort Claude
_9120153
245 0 _aPolitical forms of modern society
_b Bureaucracy, democracy, totalitarianism Ed by John B Thompson
260 _aCambridge
_bPolity
_c1986
300 _a342p.
_ccm.
490 _aSocial and political theory, 1986
650 _aPOLITICAL SCIENCE
942 _hW, M6
_cTEXL
_2cc
999 _c937071
_d937071